|
|
|
|
| LEADER |
00000cam a2200000 a 4500 |
| 001 |
1/122455 |
| 008 |
210114t2020####gr | ||| |||| ||gre|| |
| 020 |
|
|
|a 9789609541169
|
| 040 |
|
|
|a GR-MyUa
|b gre
|c GR-MyUa
|e AACR2
|
| 041 |
0 |
|
|a gre
|
| 082 |
7 |
|
|a 325.21
|2 (23)
|
| 245 |
0 |
2 |
|a Η κοινωνική διάσταση της βιωσιμότητας :
|b πρόσφυγες, μετανάστες και ευάλωτες κοινωνικές ομάδες /
|c επιμέλεια: Βασίλης Παπαβασιλείου ... [κ.ά.].
|
| 260 |
|
|
|a Αθήνα :
|b Διάδραση,
|c c2020.
|
| 300 |
|
|
|a 718 σ. :
|b πίν., σχήμ. ;
|c 24 εκ.
|
| 504 |
|
|
|a Περιλαμβάνει βιβλιογραφίες.
|
| 650 |
|
0 |
|a Refugees
|z Greece
|x Social conditions.
|
| 650 |
|
0 |
|a Refugees
|x Legal status, laws, etc.
|
| 650 |
|
0 |
|a Refugees
|z Greece
|x Social life and customs.
|
| 650 |
|
0 |
|a Refugees
|x Government policy.
|
| 700 |
1 |
|
|a Παπαβασιλείου, Βασίλειος Φ.
|e edt
|
| 700 |
1 |
|
|a Ξανθάκου, Γιώτα Π.
|e edtf
|
| 700 |
1 |
|
|a Ανδρεαδάκης, Νίκος Σ.
|e edt
|
| 700 |
1 |
|
|a Νικολάου, Ελένη Ν.
|e edtf
|
| 700 |
1 |
|
|a Καΐλα, Μαρία Α.
|e edtf
|
| 852 |
|
|
|a INST
|b RHODES
|c EUDOXUS
|e 20210114
|h 325.21 ΚΟΙ
|p 005400041821
|q 005400041821
|t EDX
|y 0
|
| 852 |
|
|
|a INST
|b RHODES
|c EUDOXUS
|e 20210114
|h 325.21 ΚΟΙ
|p 005400041822
|q 005400041822
|t EDX
|y 0
|
| 920 |
|
|
|a Εύδοξος
|b Παραγγελία
|y Ρόδος-ΤΕΠΑΕΣ
|z 2021-01
|
| 970 |
|
|
|a Μαρία
|b Κωτάκου
|z 14-01-2021
|